Statistics for Romania Liga 1

Click here to take the quiz!

General Stats

  • This quiz has been taken 360 times
    (344 since last reset)
  • The average score is 9 of 14

Answer Stats

Answer% Correct
Steaua Bucuresti
99%
Dinamo Bucuresti
94%
CFR Cluj
91%
Cs U Craiova
75%
FC Viitorul
69%
Astra
67%
Poli Timisoara
65%
FC Voluntari
59%
CSMS Iasi
58%
FC Botosani
57%
Petrolul Ploiesti
56%
Concordia Chiajna
53%
ASA Targu Mures
43%
Pandurii Tg Jiu
40%

Score Distribution

Percentile by Number Answered

Percent of People with Each Score

Your Score History

You have not taken this quiz since the last reset